<?xml version="1.0" encoding="UTF-8"?>
<record
    xmlns:xsi="http://www.w3.org/2001/XMLSchema-instance"
    xsi:schemaLocation="http://www.loc.gov/MARC21/slim http://www.loc.gov/standards/marcxml/schema/MARC21slim.xsd"
    xmlns="http://www.loc.gov/MARC21/slim">

  <leader>03989nam a2200349 a 4500</leader>
  <controlfield tag="003">OSt</controlfield>
  <controlfield tag="005">20250422092115.0</controlfield>
  <controlfield tag="007">cr ||||||a|c|a</controlfield>
  <controlfield tag="008">250219s2024    mx a|||fom||| 001 0 spa d</controlfield>
  <datafield tag="040" ind1=" " ind2=" ">
    <subfield code="e">rda</subfield>
  </datafield>
  <datafield tag="100" ind1="1" ind2=" ">
    <subfield code="a">Santiago Hern&#xE1;ndez, Noe</subfield>
    <subfield code="9">189850</subfield>
  </datafield>
  <datafield tag="245" ind1="1" ind2="0">
    <subfield code="a">Propuesta t&#xE9;cnica de compensaci&#xF3;n ambiental por cambio de uso de suelo del Ejido Alcantarillas, Apan, Hidalgo /</subfield>
    <subfield code="c">por Noe Santiago Hern&#xE1;ndez; director de tesis Javier Santill&#xE1;n P&#xE9;rez; secretario Jes&#xFA;s Manuel Cabrera Delgado; vocal Esperanza Garc&#xED;a Pascual; suplente Daniela Garibay Prado; suplente Martha Elena Aguilar L&#xF3;pez.                             </subfield>
  </datafield>
  <datafield tag="264" ind1=" " ind2="1">
    <subfield code="a">Chapingo, M&#xE9;xico :</subfield>
    <subfield code="b">El autor,</subfield>
    <subfield code="c">2024.</subfield>
  </datafield>
  <datafield tag="300" ind1=" " ind2=" ">
    <subfield code="a">1 recurso en l&#xED;nea (128 p&#xE1;ginas);</subfield>
    <subfield code="b">figuras, cuadros.</subfield>
  </datafield>
  <datafield tag="336" ind1=" " ind2=" ">
    <subfield code="2">rdacontent</subfield>
    <subfield code="a">texto</subfield>
    <subfield code="b">txt</subfield>
  </datafield>
  <datafield tag="337" ind1=" " ind2=" ">
    <subfield code="2">rdamedia</subfield>
    <subfield code="a">computadora</subfield>
    <subfield code="b">c</subfield>
  </datafield>
  <datafield tag="338" ind1=" " ind2=" ">
    <subfield code="2">rdacarrier</subfield>
    <subfield code="a">recurso en l&#xED;nea</subfield>
    <subfield code="b">cr</subfield>
  </datafield>
  <datafield tag="502" ind1=" " ind2=" ">
    <subfield code="b">IRF</subfield>
    <subfield code="c">DICIFO</subfield>
    <subfield code="d">2024.</subfield>
    <subfield code="g">LIC</subfield>
  </datafield>
  <datafield tag="504" ind1=" " ind2=" ">
    <subfield code="a">Incluye referencias bibliogr&#xE1;ficas: p&#xE1;ginas 101-108.</subfield>
  </datafield>
  <datafield tag="520" ind1=" " ind2=" ">
    <subfield code="a">El Ejido Alcantarillas se ubica al norte de Apan, municipio localizado al sur del estado de Hidalgo y forma parte del altiplano Hidalguense. Como resultado de las actividades humanas el suelo del ejido presenta una degradaci&#xF3;n alta, favorecida por la erosi&#xF3;n h&#xED;drica y desaparici&#xF3;n de la cobertura vegetal. A nivel nacional, la Comisi&#xF3;n Nacional Forestal (CONAFOR) implementa desde el 2005 el programa de Compensaci&#xF3;n Ambiental por Cambio de Uso de Suelo en Terrenos forestales (CACUSTF), quien proporciona incentivos econ&#xF3;micos para implementar obras y pr&#xE1;cticas de conservaci&#xF3;n de suelos y restauraci&#xF3;n forestal para compensar los servicios ambientales. Se realiz&#xF3; un an&#xE1;lisis de las &#xE1;reas prioritarias y se seleccion&#xF3; un &#xE1;rea degradada del ejido; se delimit&#xF3; el &#xE1;rea, se describieron las condiciones y caracter&#xED;sticas del suelo, as&#xED; como el tipo y nivel de degradaci&#xF3;n; adem&#xE1;s se obtuvo el &#xCD;ndice de Simpson y se calcularon los par&#xE1;metros de la Ecuaci&#xF3;n Universal de P&#xE9;rdida de Suelo (EUPS) &#x201C;R, K, L, S, C, P&#x201D;). Bajo la metodolog&#xED;a empleada se registraron seis especies vegetales en el estrato herb&#xE1;ceo y dos en el arbustivo; no se registraron especies arb&#xF3;reas en los sitios levantados, se calcul&#xF3; una perdida potencial de 269.06 ton/ha/a&#xF1;o de suelo Se gener&#xF3; cartograf&#xED;a especializada del &#xE1;rea y se determin&#xF3; la necesidad de reforestar y realizar 30,710 terrazas individuales con Pinus rudis y P. cembroides, con reposici&#xF3;n para el a&#xF1;o dos con 12, 284 pl&#xE1;ntulas. Se propone para el a&#xF1;o uno acondicionar 5,400 metros lineales de barreras vivas de nopal, 3,600 metros lineales de barreras de piedra acomodada, as&#xED; como 48 m3 de presas de piedra acomodada, 3 kil&#xF3;metros de brechas cortafuego con su respectiva rehabilitaci&#xF3;n; cercado con postes de fierro para una longitud de 2.7 kil&#xF3;metros. El presupuesto calculado considero la protecci&#xF3;n, obras de conservaci&#xF3;n de suelos, reforestaci&#xF3;n, mantenimiento, monitoreo, incentivo a la restauraci&#xF3;n y el costo de asistencia t&#xE9;cnica. El costo total del proyecto asciende a $756,225.92 MXN. Con las actividades propuestas se espera disminuir la p&#xE9;rdida de suelo y mejorar las condiciones ambientales del &#xE1;rea con acciones de involucramiento social y generaci&#xF3;n de empleos para los habitantes del ejido.</subfield>
  </datafield>
  <datafield tag="650" ind1=" " ind2="4">
    <subfield code="a">Suelos</subfield>
    <subfield code="x">Conservaci&#xF3;n</subfield>
    <subfield code="9">110283</subfield>
  </datafield>
  <datafield tag="650" ind1=" " ind2="4">
    <subfield code="a">Suelos</subfield>
    <subfield code="x">Degradaci&#xF3;n</subfield>
    <subfield code="9">110336</subfield>
  </datafield>
  <datafield tag="650" ind1=" " ind2="4">
    <subfield code="a">Reforestaci&#xF3;n</subfield>
    <subfield code="x">Hidalgo</subfield>
    <subfield code="9">95493</subfield>
  </datafield>
  <datafield tag="650" ind1=" " ind2="4">
    <subfield code="a">Cambio clim&#xE1;tico</subfield>
    <subfield code="x">Efecto en suelos</subfield>
    <subfield code="9">132129</subfield>
  </datafield>
  <datafield tag="700" ind1="1" ind2=" ">
    <subfield code="a">Santill&#xE1;n P&#xE9;rez, Javier</subfield>
    <subfield code="9">102430</subfield>
    <subfield code="e">Director de tesis.</subfield>
  </datafield>
  <datafield tag="700" ind1="1" ind2=" ">
    <subfield code="a">Cabrera Delgado, Jes&#xFA;s Manuel</subfield>
    <subfield code="9">16657</subfield>
    <subfield code="e">Secretario.</subfield>
  </datafield>
  <datafield tag="700" ind1="1" ind2=" ">
    <subfield code="a">Garc&#xED;a Pascual, Esperanza</subfield>
    <subfield code="9">134281</subfield>
    <subfield code="e">vocal.</subfield>
  </datafield>
  <datafield tag="700" ind1="1" ind2=" ">
    <subfield code="a">Garibay Prado, Daniela</subfield>
    <subfield code="9">190120</subfield>
    <subfield code="e">Suplente.</subfield>
  </datafield>
  <datafield tag="700" ind1="1" ind2=" ">
    <subfield code="a">Aguilar L&#xF3;pez, Martha Elena</subfield>
    <subfield code="9">190121</subfield>
    <subfield code="e">Suplente.</subfield>
  </datafield>
  <datafield tag="856" ind1=" " ind2=" ">
    <subfield code="u">http://10.13.5.2/tesis/tl/1112190_1_SANTIAGO_HERNANDEZ_NOE.pdf</subfield>
    <subfield code="z">DESCARGAR PDF</subfield>
  </datafield>
  <datafield tag="942" ind1=" " ind2=" ">
    <subfield code="2">Clasificaci&#xF3;n Universidad Aut&#xF3;noma Chapingo</subfield>
    <subfield code="c">TD</subfield>
  </datafield>
  <datafield tag="999" ind1=" " ind2=" ">
    <subfield code="c">220460</subfield>
    <subfield code="d">220460</subfield>
  </datafield>
  <datafield tag="952" ind1=" " ind2=" ">
    <subfield code="0">0</subfield>
    <subfield code="1">0</subfield>
    <subfield code="2">local</subfield>
    <subfield code="4">0</subfield>
    <subfield code="5">1</subfield>
    <subfield code="7">0</subfield>
    <subfield code="8">TesDigL</subfield>
    <subfield code="a">BD</subfield>
    <subfield code="b">BD</subfield>
    <subfield code="c">E_L</subfield>
    <subfield code="d">2025-02-19</subfield>
    <subfield code="l">0</subfield>
    <subfield code="o">Tesis digital</subfield>
    <subfield code="r">2025-02-19 12:18:55</subfield>
    <subfield code="w">2025-02-19</subfield>
    <subfield code="y">TD</subfield>
  </datafield>
</record>
